Ideový návrh finalizačnej linky kabíny "TATRA 815" : Diplomová práca

Saved in:
Bibliographic Details
Main Author: Jánoš, Eduard (Author)
Other Authors: Turza, Milan (xxx)
Format: Manuscript Book
Language:Slovak
Published: Trnava : SVŠT v Bratislave StF KZZaPM, 1987
Subjects:
Tags: Add Tag
No Tags, Be the first to tag this record!

MARC

LEADER 00000ntm a22000003a 4500
001 stu91717
005 20160719162632.6
008 041123s1987----cs------------------slo-d
040 |a STU  |b slo 
041 0 |a slo 
044 |a cs 
100 1 |a Jánoš, Eduard  |4 aut 
245 1 |a Ideový návrh finalizačnej linky kabíny "TATRA 815" :  |b Diplomová práca 
260 |a Trnava :  |b SVŠT v Bratislave StF KZZaPM,  |c 1987 
300 |a 62 s  |c príl 
650 7 |a strojárska technológia  |2 stusub 
700 1 |a Turza, Milan  |4 xxx 
996 |b 284M042403  |c M*DP-2543  |l MMSKP  |s P  |a 0  |w stu91717_0001